INTRODUCTION TO SPICES, PLANTATION CROPS, MEDICINAL AND AROMATIC PLANTS (Record no. 9064)

MARC details
000 -LEADER
fixed length control field 00484nam a22001817a 4500
005 - DATE AND TIME OF LATEST TRANSACTION
control field 20260310155108.0
008 - FIXED-LENGTH DATA ELEMENTS--GENERAL INFORMATION
fixed length control field 260309b |||||||| |||| 00| 0 eng d
020 ## - INTERNATIONAL STANDARD BOOK NUMBER
ISBN 978-93-93168-79-5
041 ## - LANGUAGE CODE
Language code of text/sound track or separate title eng
082 ## - DEWEY DECIMAL CLASSIFICATION NUMBER
Classification number 633.8 KUM-I
100 ## - MAIN ENTRY--AUTHOR NAME
Personal name KUMAR, N.
245 ## - TITLE STATEMENT
Title INTRODUCTION TO SPICES, PLANTATION CROPS, MEDICINAL AND AROMATIC PLANTS
250 ## - EDITION STATEMENT
Edition statement 4TH ED. 2024
260 ## - PUBLICATION, DISTRIBUTION, ETC. (IMPRINT)
Place of publication NEW DELHI
Name of publisher MEDTECH SCIENCE PRESS
300 ## - PHYSICAL DESCRIPTION
Number of Pages 299
650 ## - SUBJECT ADDED ENTRY--TOPICAL TERM
Topical Term AGRICULTURE
942 ## - ADDED ENTRY ELEMENTS (KOHA)
Koha item type Books
Holdings
Lost status Damaged status Collection code Home library Current library Shelving location Date acquired Source of acquisition Cost, normal purchase price Serial Enumeration / chronology Full call number Accession Number Koha item type
    AGRICULTURE JRU Library JRU Library NEW ARRIVAL SHELF 09/03/2026 PURCHASE 675.00 LBI/000880 , DATE-6/03/2026 633.8 29314 Books
    AGRICULTURE JRU Library JRU Library SHELF-44-H 09/03/2026 PURCHASE 675.00 LBI/000880 , DATE-6/03/2026 633.8 29315 Books
    AGRICULTURE JRU Library JRU Library SHELF-44-H 09/03/2026 PURCHASE 675.00 LBI/000880 , DATE-6/03/2026 633.8 29316 Books
    AGRICULTURE JRU Library JRU Library SHELF-44-H 09/03/2026 PURCHASE 675.00 LBI/000880 , DATE-6/03/2026 633.8 29317 Books
    AGRICULTURE JRU Library JRU Library SHELF-44-H 09/03/2026 PURCHASE 675.00 LBI/000880 , DATE-6/03/2026 633.8 29318 Books